| Tag |
First Indicator |
Second Indicator |
Subfields |
| LEADER |
00000cam a2200000Ki 4500 |
| 001 |
in00004528443 |
| 005 |
20191205081838.0 |
| 008 |
800201s1978 gw a b 000 0 ger |
| 035 |
|
|
|a (OCoLC)ocm05937644
|
| 035 |
|
|
|a (OCoLC)5937644
|
| 035 |
|
|
|z (UtOrBLW)64159
|
| 035 |
|
|
|a 91570
|
| 040 |
|
|
|a AGL
|b eng
|c AGL
|d OCLCQ
|d UtOrBLW
|
| 041 |
0 |
|
|a ger
|b eng
|
| 049 |
|
|
|a TMVM
|
| 100 |
1 |
|
|a Stiburek, Bohumil.
|
| 242 |
0 |
0 |
|a Histological studies on the peak of action of salinomycin in endogemic development cycle of Eimeria tenella.
|y eng
|
| 245 |
1 |
0 |
|a Histologische Untersuchungen über den Angriffspunkt von Salinomycin im endogenen Entwicklungszyklus von Eimeria tenella /
|c vorgelegt von Bohumil Stiburek.
|
| 264 |
|
1 |
|a Hannover :
|b [publisher not identified],
|c 1978.
|
| 300 |
|
|
|a 49 pages :
|b graphs.
|
| 336 |
|
|
|a text
|2 rdacontent
|b txt
|
| 337 |
|
|
|a unmediated
|2 rdamedia
|
| 338 |
|
|
|a volume
|2 rdacarrier
|b nc
|
| 490 |
0 |
|
|a Hanover (City). Tierärztliche Hochschule. [Inaugural-Dissertation ; 1978, no. 73]
|
| 500 |
|
|
|a English summary.
|
| 504 |
|
|
|a Includes bibliographical references (pages 32-43).
|
| 999 |
|
|
|a MARS
|
| 999 |
f |
f |
|s 1c8f4d16-fcf7-39e1-bf42-7c8d8cb909ab
|i b062bd66-ab7d-324c-8222-db1c1ee8402d
|t 0
|
| 952 |
f |
f |
|p preservation
|a Texas A&M University
|b J.J. Pickle Campus
|c High Density Repository
|d Remote Storage
|t 0
|e German dissertations
|h Other scheme
|i unmediated -- volume
|m 3238902464817
|
| 998 |
f |
f |
|a German dissertations
|t 0
|l Remote Storage
|